Statistics for Top 10 Supermarkets in the United Kingdom

Click here to take the quiz!

General Stats

  • This quiz has been taken 460 times
    (425 since last reset)
  • The average score is 7 of 10

Answer Stats

Answer% Correct
Tesco
98%
Aldi
92%
Lidl
90%
Sainsbury's
89%
Asda
87%
Morrisons
82%
Waitrose
74%
Co-op
58%
Iceland
42%
Ocado
13%

Score Distribution

Percentile by Number Answered

Percent of People with Each Score

Your Score History

You have not taken this quiz since the last reset